banner-ar

من مسرح الخيال العلمى - 1 : انسان روسوم الالى ا.ر.ا (هدية من مكتبة الاديب عبدالفتاح الجمل) / (Record no. 46627)

MARC details
000 -الفاتح
حقل البيانات ثابتة الطول 00714nam a2200193Ia 4500
008 - عناصر البيانات ثابتة الطول - معلومات عامة
حقل البيانات ثابتة الطول 140319s9999 xx 000 0 ara d
040 ## - مصدر الفهرسة
وكالة الفهرسة الأصلية GCL /
وكالة النسخ GCL
082 04 - رقم تصنيف ديوى العشرى
رقم التصنيف 891.86
رقم المادة ت ا
100 1# - المدخل الرئيسى - إسم شخصى
الإسم الشخصى تشابيك، كاريل
245 10 - بيان العنوان
العنوان من مسرح الخيال العلمى - 1 : انسان روسوم الالى ا.ر.ا (هدية من مكتبة الاديب عبدالفتاح الجمل) /
بيان المسئوليه,etc تشابيك، كاريل
700 1# - المدخل الاضافى - اسم شخصى
الإسم الشخصى طه محمود طه(ترجمة)
300 ## - الوصف المادى
التعداد 180 ص
490 ## - بيان السلسلة
عنوان السلسلة من المسرح العالمى
رقم المجلد/ التعيين التسلسلي 0
650 04 - المدخل الاضافى بالموضوع-مصطلح موضوعى
مصطلح موضوعي الادب التشيكى
650 04 - المدخل الاضافى بالموضوع-مصطلح موضوعى
مصطلح موضوعي المسرحيات التشيكية
650 04 - المدخل الاضافى بالموضوع-مصطلح موضوعى
مصطلح موضوعي المسرح العالمى
942 ## - عناصر المدخل الإضافي( كوها)
مصدر التصنيف او مخطط الترفيف Dewey Decimal Classification
Koha [default] item type كتاب
Holdings
حالة التراجع حالة الفقد حالة تلف ليس للاعارة المكان المؤقت الموقع الحالى تاريخ الاكتساب اجمالي اﻻعارات رقم الطلب الباركود تاريخ اخر مشاهدة تاريخ تفعيل السعر نوع وعاء كوها
        مكتبة القاهرة الكبرى مكتبة القاهرة الكبرى 03/26/2014   891.86\ت ا 113490 03/26/2014 03/26/2014 كتاب

Powered By

EGPV